Efektívnosť makroekonomickej politiky vo vzťahu k akciovým trhom dizertačná práca

Enregistré dans:
Détails bibliographiques
Auteur principal: Gachová, Katarína, 1977-
Collectivité auteur: Národohospodárska fakulta EU. Katedra bankovníctva a medzinárodných financií
Autres auteurs: Chovancová, Božena
Format: Livre
Langue:slovaque
Publié: Bratislava 2015
Sujets:
Tags: Ajouter un tag
Pas de tags, Soyez le premier à ajouter un tag!

MARC

LEADER 00000nbm a2200000 4500
001 0201044
005 20240502073409.6
041 0 |a slo 
044 |a SK 
245 1 0 |a Efektívnosť makroekonomickej politiky vo vzťahu k akciovým trhom  |b dizertačná práca  |c Katarína Gachová ; školiteľ: Božena Chovancová 
264 1 |a Bratislava  |c 2015 
300 |a 131 s. 
610 2 0 |a makroekonomika 
610 2 0 |a akcie 
610 2 0 |a trh akciový 
610 2 0 |a politika hospodárska 
100 1 |a Gachová, Katarína, 1977- 
700 1 |a Chovancová, Božena 
710 2 |a Národohospodárska fakulta EU. Katedra bankovníctva a medzinárodných financií